Statistics for The Mortal Instruments Top 110 Characters

Click here to take the quiz!

General Stats

  • This quiz has been taken 59 times
    (58 since last reset)
  • The average score is 45 of 126

Answer Stats

MentionsAnswer% Correct
2457Alec Lightwood
100%
8860Clary Fairchild
100%
2526Isabelle Lightwood
100%
6411Jace Herondale
100%
4091Simon Lewis
100%
1756Luke Garroway
98%
1670Magnus Bane
98%
1798Sebastian Morgenstern
94%
1480Valentine Morgenstern
94%
723Jocelyn Fray
89%
49Tessa Gray
89%
18Will Herondale
89%
145Brother Zachariah
87%
381Maryse Lightwood
87%
123Robert Lightwood
87%
712Maia Roberts
85%
382Emma Carstairs
79%
220Max Lightwood
79%
173Helen Blackthorn
77%
620Jordan Kyle
77%
281Julian Blackthorn
77%
513Raphael Santiago
77%
190Aline Penhallow
72%
113Mark Blackthorn
72%
112Ty Blackthorn
72%
38Livvy Blackthorn
68%
46Tavvy Blackthorn
68%
199Camille Belcourt
66%
43Dru Blackthorn
66%
5James Herondale
66%
439Hodge Starkweather
64%
14Sebastian Verlac
64%
62Stephen Herondale
64%
26Imogen Herondale
62%
35Ragnor Fell
62%
288Amatis Herondale
60%
187Jia Penhallow
57%
83Catarina Loss
55%
13Céline Montclaire
55%
1Jonathan Clark
55%
25Jonathan Shadowhunter
55%
2Lucie Herondale
53%
51The Seelie Queen
53%
95Meliorn
51%
151Bat Velasquez
49%
69Lily Chen
49%
8Andrew Blackthorn
47%
224Lilith
47%
60Michael Wayland
45%
11Arthur Blackthorn
43%
160Maureen Brown
43%
21Brother Enoch
40%
49Asmodeus
34%
58Brother Jeremiah
32%
79Raziel
32%
4Gabriel
30%
3John Carstairs
30%
37Patrick Penhallow
30%
33Diana Wrayburn
28%
20Malcolm Fade
28%
22Rebecca Lewis
28%
38Emil Pangborn
26%
111Madame Dorothea
26%
19Matt Charlton
26%
35Alaric
23%
95Eric Hillchurch
23%
33Ithuriel
23%
40Church
21%
2Anson Pangborn
19%
10Elaine Lewis
15%
54Inquisitor Aldertree
15%
43Kaelie Whitewillow
15%
23Chairman Meow
13%
4Elliott
13%
24Praetor Scott
13%
36Samuel Blackwell
13%
14Sister Cleophas
13%
56Azazel
11%
58Cain
11%
72Malachi Dieudonné
11%
8Valentina Graymark
11%
23Daniel Roberts
9%
6Jeremy Pontmercy
9%
22Kadir Safar
9%
20Kirk Duplesse
9%
12Lazlo Balogh
9%
52Rufus Hastings
9%
1Annamarie Highsmith
6%
13Cartwright
6%
1Charles Freeman
6%
14Elias
6%
27Gretel
6%
19Gwyn ap Nudd
6%
5Jason
6%
8Nick
6%
10Sister Dolores
6%
3Amabel
4%
4Andrea Sedgewick
4%
1Kate
4%
20Katerina
4%
20Leila Haryana
4%
30Madeleine Bellefleur
4%
12Malik Safar
4%
8Mirek
4%
24Sister Magdalena
4%
4Tomás Rosales
4%
25Abbadon
2%
15Archer
2%
2Clancy
2%
1Edward Longford
2%
28Freaky/Sneaky Pete
2%
56Hugo/Hugin
2%
13Jacob
2%
2Joseph
2%
2Josiane Pontmercy
2%
2Karyn
2%
1Kito
2%
4Nasreen Chaudhury
2%
1Senhora Monteverde
2%
3Senhor Monteverde
2%
19Walker
2%
2Zeke
2%
26Agramon
0%
6Amalric Kreigsmesser
0%
1Blythe
0%
18Matthias Gonzalez
0%

Score Distribution

Percentile by Number Answered

Percent of People with Each Score

Your Score History

You have not taken this quiz since the last reset